01338nam a2200217 450000500170000000800410001702000180005804100120007608200150008810000300010324500930013326000410022630000080026736500190027552005740029465000400086870000290090894200070093799900190094495201570096320260216155531.0260209b |||||||| |||| 00| 0 eng d a9781475806021 aEnglish bMCLa378.1 aMcLachlan Joan E.9216686 aInternships for Today's World: A Practical Guide for High Schools and Community Colleges aNew YorkbRowman & Littlefieldc2014 a136 b2749.73cRs.00 a1. Key Elements Of A Quality Internship Program: Getting It Right From The Start 2. Internship Site Development: Internships Don't Just Happen 3. Placing Students In Internships: One Size Does Not Fit All 4. Monitoring Students In Internships: Providing A Guiding Hand 5. Supporting Sponsors In Internships: Building A Strong Partnership 6. Seminars For Reflective Learning: Making Sense Of It All 7. Evaluating Internship Learning: Putting It All Together 8. The Predictable Stages Of Internships: No Surprises 9. The Power Of Internships: Real Schools, Real Stories  aHigher education Activities9216741 aHess Patricia F.9216687 cBK c370382d370382 00102ddc4070aSOFTbSOFTd2026-02-07eDesign Book Studiog2749.73i306l0o378.1 MCLpSOFT-BK-4977r2026-02-09 13:51:00t25%v3666.30w2026-01-06yBK